01396nam a2200265 a 4500001001000000005001700010008004100027041000800068044000700076084002600083100004500109245007600154260004000230300003600270500016000306500009900466500024600565500007200811500001000883650005200893650005600945650003401001650004501035740005001080BRCA_237120190320203758.0071108s1897----sp-#---###---#000-0#spa-u aspa asp a012b.M67c1897 F16081 aCervantes Saavedra, Miguel ded1547-161610aEl Ingenioso Hidalgo Don Quixote de la Manchaccompuesto por Cervantes. aBarcelonabMontaner y Simónc1897 a1 v. (sin paginación)c23 cm. aContenido : Tasa. Privilegio de Castilla. Privilegio de Prtugal. Dedicatoria del autor al Duque de Béjar. Prólogo del autor. Versos preliminares. Texto aFacsímil de : El ingenioso hidalgo Don Quixote de la Mancha. Madrid: Juan de la Cuesta, 1608 aFacsímil de la tercera edición de la primera parte de Cuesta. Publicado en Barcelona, por Montaner y Simón, el año de 1897. Ejemplar encuadernado en piel parda. En la tapa va grabado el escudo de la primera edición Lúdovik Osterc aEstado físico : Lomo y cubierta superior ligeramente desprendidos aQM22214aNovela españolayÉpoca clásica, 1500-170014aLiteratura españolayÉpoca clásica, 1500-170014aNovela españolaySiglo XVII14aDon Quijote (Personaje ficticio)eNovela0 aEl Ingenioso Hidalgo Don Quijote de la Mancha